Statistics for We're all in this together - High School Musical Lyrics

Click here to take the quiz!

General Stats

  • This quiz has been taken 926 times
  • The average score is 200 of 270

Answer Stats

Answer% Correct
to
99%
we
98%
together
98%
a
98%
in
96%
all
96%
this
96%
we're
91%
were
91%
on
88%
and
86%
it
83%
that
82%
the
82%
every
81%
come
80%
are
79%
no
78%
know
77%
our
75%
dreams
74%
have
74%
make
74%
get
73%
see
72%
let's
72%
for
72%
lets
72%
now
72%
hand
72%
here
71%
time
71%
everyone
70%
go
70%
stars
69%
some
69%
true
69%
way
68%
it's
68%
do
68%
fun
67%
show
66%
once
63%
other
63%
stand
62%
celebration
62%
each
62%
where
60%
one
60%
out
60%
wild
59%
what
58%
you
58%
is
58%
strong
58%
there
57%
when
57%
own
56%
that's
56%
cats
56%
different
55%
shows
55%
good
54%
right
52%
about
52%
belong
51%
not
51%
house
51%
special
51%
same
50%
their
50%
everybody
49%
shout
49%
limitations
49%
scream
49%
can
48%
figure
48%
noise
48%
up
47%
your
47%
rock
46%
finally
45%
air
44%
voice
44%
hands
43%
world
42%
speaking
42%
going
41%
because
41%
together's
40%
wave
40%
champions
38%
party's
38%
everywhere
37%
reach
36%
sing
35%
stuck
34%
take
34%
chance
33%
we've
33%
say
32%
fly
32%
arrived
31%
there's
28%
got
28%
along
25%
really
19%
sight
8%

Score Distribution

Percentile by Number Answered

Percent of People with Each Score

Your Score History

You have not taken this quiz